000 00464nam a22001697a 4500
003 OSt
005 20220223150115.0
008 220223b |||||||| |||| 00| 0 eng d
020 _a8123913230
040 _cHU
082 _a693.5
100 _aKrishnamurthy D.
_931353
245 _aReinforced Concrete Handbook For Building Design Limit State And Working Stress Methods Of Design
260 _aNew Delhi
_bNew Delhi
300 _f658
942 _2ddc
_cBOOKS
_n0
999 _c31411
_d31411